Poésie française XIX-XXe - Statistiques

Statistiques générales
  • Ce quiz a été pris 398 fois
  • Le résultat moyen est 5 sur 14
Statistiques - réponses
Recueils Réponse % Correct
Les Orientales Victor Hugo
84%
Les Illuminations Arthur Rimbaud
82%
Petits poèmes en prose Charles Baudelaire
77%
Le Guetteur mélancolique Guillaume Apollinaire
44%
Les Chants de Maldoror Lautréamont
36%
La vie immédiate Paul Eluard
34%
Le Crève-coeur Aragon
32%
Prose du transsibérien et de la petite Jeanne de France Blaise Cendrars
25%
Clair de terre André Breton
22%
Feuillets d'hypnos René Char
22%
Les Amours jaunes Tristan Corbière
22%
L'Ombilic des Limbes Antonin Artaud
14%
Le Condamné à mort Jean Genet
13%
Les planches courbes Yves Bonnefoy
12%
Aucun quiz correspondant
Distribution des résultats
% des personnes avec chaque résultat
Percentile par nombre de réponses
Votre historique - résultats
Vous n’avez pas pris ce quiz